Európska charta pre malé a stredné podnikanie je prijatá

Podrobná bibliografia
Hlavný autor: (ptk) (Autor)
Médium: Článok
Jazyk:slovenčina
Predmet:

MARC

LEADER 00000nab a2200000 a 4500
001 vtls000790459
003 SK-MaSNL
005 20260302155940.0
008 180207c2002 xo 0 slo
015 |a SNBRB2002/04-12478 
035 |a CLN000142114 
040 |a SNKBUCL  |b slo  |c SNKBUCL  |e AACR2 
041 0 |a slo 
044 |a xo  |c SK 
080 |a 658.114.017.2/.3(4):340.13  |2 UDC-MRF-SK2 
080 |a 339.923(4:437.6)  |2 UDC-MRF-SK2 
100 0 |a (ptk)  |4 aut  |9 851631 
245 1 0 |a Európska charta pre malé a stredné podnikanie je prijatá  |c (spracoval ptk) 
630 0 7 |a Európska charta pre malé podniky  |2 snkbucl  |9 855223 
650 0 7 |a podnikanie malé  |x podnikanie stredné  |x podpora  |2 snkbucl  |9 855224 
650 0 7 |a stredné podnikanie  |2 snkbucl  |9 1773 
655 7 |a články z novín a časopisov  |2 snkbucl  |9 267496 
773 0 |t Obecné noviny  |g Roč. 12, č. 16 (2002), s. 4 
850 |a Slovenská národná knižnica v Martine 
852 |a SNK  |b KIS3GCP 
958 |a RBX 
999 |c 1373148  |d 1375078